Star Wars quiz - Statistics

General Stats
  • This quiz has been taken 9 times
  • The average score is 5 of 11
Answer Stats
Hint Answer % Correct
Luke grew up here Tatooine
83%
The time the clone wars lasted 3 years
67%
The galactic civil war ended here Jakku
50%
Where ki adi Mundi was executed Mygeeto
50%
togrutan Jedi council master Shaak ti
50%
He killed aurra sing Becket
33%
Darth Vader’s star destroyer Executor
33%
Name of junkdealer from episode 7 Unkar plutt
33%
Finish the sentence “there no match for ... “ Droidekas
17%
The planet where Galen Erso died Edu
17%
Senator for pantora in the republic Senator Chuchi
17%
No matching quizzes found
Score Distribution
Percent of People with Each Score
Percentile by Number Answered
Your Score History
You have not taken this quiz